000 00800nam a22002297a 4500
999 _c15862
_d15862
003 MIRAKIL
005 20240402133359.0
008 240402b tu ||||| |||| 00| 0 tur d
020 _a9789751625601
040 _aTR-AnCHP
_cTR-AnCHP
041 _atur
082 _a400.3
_bK26d 2022
100 _aKaraağaç, Günay
245 1 0 _aDil bilimi terimleri sözlüğü /
_cGünay Karaağaç.
260 _aAnkara :
_bTürk Dil Kurumu Yayınları,
_c2022.
300 _a936 s. :
_btbl. ;
_c24 cm.
490 0 _aAtatürk Kültür, Dil ve Tarih Yüksek Kurumu Yayınları Türk Dil Kurumlurı Yayınları ;
_v1066.
504 _aKaynakça: 931-936. ss.
650 0 _97867
_aDil bilim
856 _zDijital Nüshası için Partimizin Kütüphane Sorumlusu ile iletişime geçiniz.
942 _2ddc
_cBKS